Unique First Letter: Presidential Surnames Quiz Stats

 Plays Quiz Updated Jun 13, 2018

Challenge
Share
Tweet
Embed
Score 0/6 Timer 01:00
0 Plays Today
a % Correct


Barack Obama
91.7%


John F. Kennedy
62.3%


Richard Nixon
61.5%


Dwight D. Eisenhower
60.2%


Abraham Lincoln
59.8%


Martin Van Buren
50.1%

You're not logged in!

Compare scores with friends on all Sporcle quizzes.
Join for Free
OR
Log In

You Might Also Like...

Show Comments

Extras

Top Quizzes Today


Score Distribution

Your Account Isn't Verified!

In order to create a playlist on Sporcle, you need to verify the email address you used during registration. Go to your Sporcle Settings to finish the process.

Report this User

Report this user for behavior that violates our Community Guidelines.

Details: